| 000 | 00531nam a2200121Ia 4500 | ||
|---|---|---|---|
| 008 | 220620s9999||||xx |||||||||||||| ||und|| | ||
| 100 | _aHill, Wes | ||
| 245 | 0 |
_aSpeech Acts _bRichard Grayson and Matt Mullican |
|
| 546 | _aEnglish[eng] | ||
| 650 | _aPerformance art||Psychology of language and meaning||Philosophy of personal and community engagement||Film and video art||Humour||irony and provocation through creative monologues | ||
| 856 | _uhttps://library.oapen.org/bitstream/20.500.12657/39703/1/speech-acts.epub | ||
| 942 | _cEB | ||
| 999 |
_c27994 _d27994 |
||